Les Capitales les plus éloignées l'une de l'autre - Statistiques

Statistiques générales
  • Ce quiz a été pris 3 fois
  • Le résultat moyen est 2 sur 15
Statistiques - réponses
Capitale Distance (km) Capitale la plus éloignée % Correct
Antananarivo 16 532 Mexico
67%
Madrid 19 855 Wellington
67%
Pékin 19 264 Buenos Aires
33%
Bangkok 19 702 Lima
33%
Brasilia 18 837 Manille
33%
Dakar 19 351 Honiara
0%
La Havane 17 894 Jakarta
0%
Canberra 18 058 Lisbonne
0%
Tokyo 18 581 Montevideo
0%
Suva 19 369 Niamey
0%
Téhéran 15 231 Nuku'alofa
0%
Singapour 19 742 Quito
0%
New Delhi 16 926 Santiago
0%
Montevideo 19 602 Séoul
0%
Manille 19 196 Sucre
0%
Aucun quiz correspondant
Distribution des résultats
% des personnes avec chaque résultat
Percentile par nombre de réponses
Votre historique - résultats
Vous n’avez pas pris ce quiz